[Event "op"]
[Site "Oberwart"]
[Date "1997.07.12"]
[Round "8"]
[White "Zoebisch, Herbert"]
[Black "Kummer, Helmut"]
[Result "1/2-1/2"]
[WhiteElo "2240"]
[BlackElo "2350"]
[PlyCount "101"]
[EventDate "1997.07.12"]

1. d4 c5 2. d5 e5 3. e4 d6 4. Nc3 Be7 5. Nf3 Nf6 6. Be2 O-O 7. O-O a6 8. a4 Re8
9. Nd2 Nbd7 10. Nc4 Nb6 11. Ne3 Bd7 12. f3 Rb8 13. Bd2 Bf8 14. a5 Nc8 15. Na4
Nh5 16. g3 g6 17. Nc4 Na7 18. Nab6 Bh3 19. Rf2 Nb5 20. c3 Bg7 21. Bf1 Bxf1 22.
Qxf1 Qe7 23. Qh3 Rbd8 24. Re1 Bf6 25. Ree2 Bg7 26. Kh1 Kh8 27. f4 exf4 28. gxf4
Qc7 29. Qf3 f6 30. f5 Rg8 31. fxg6 hxg6 32. Rg2 Bf8 33. Ne3 Bh6 34. Nf5 Bxd2
35. Rxd2 Qh7 36. Ng3 Rdf8 37. Nc4 f5 38. e5 dxe5 39. Nxe5 Re8 40. Rde2 Nf6 41.
Nc4 Qd7 42. d6 Nxd6 43. Rd2 Re6 44. Nxd6 Rxd6 45. Qf4 Rxd2 46. Rxd2 Qe6 47.
Qh6+ Nh7 48. Re2 Qf7 49. Re5 Re8 50. Qe3 Nf6 51. Qxc5 {.} 1/2-1/2

[Event "op"]
[Site "Oberwart"]
[Date "1997.07.12"]
[Round "8"]
[White "Bawart, Markus"]
[Black "Hager, Herbert"]
[Result "1-0"]
[WhiteElo "2325"]
[BlackElo "2190"]
[PlyCount "69"]
[EventDate "1997.07.12"]

1. e4 c5 2. Nf3 e6 3. c4 d6 4. d4 cxd4 5. Nxd4 Nf6 6. Nc3 Be7 7. Be2 a6 8. O-O
O-O 9. Be3 Nbd7 10. f4 Qc7 11. g4 b6 12. g5 Ne8 13. Rc1 Bb7 14. f5 Qd8 15. fxe6
Bxg5 16. Qd2 Bxe3+ 17. Qxe3 fxe6 18. Nxe6 Rxf1+ 19. Rxf1 Qh4 20. Qxb6 Bxe4 21.
Qd4 Nef6 22. Nxe4 Qxe4 23. Qxe4 Nxe4 24. Bf3 Ndf6 25. Re1 d5 26. cxd5 Nd2 27.
Bg2 Rc8 28. b3 Rc2 29. d6 Rxa2 30. Nc5 g6 31. d7 {} 31... Nxd7 32. Nxd7 h5 33.
Re7 Ra5 34. Bd5+ Rxd5 35. Nf6+ 1-0

[Event "op"]
[Site "Oberwart"]
[Date "1997.07.12"]
[Round "8"]
[White "Schein, Karl-Heinz"]
[Black "Kovacs, Gabor"]
[Result "1/2-1/2"]
[WhiteElo "2235"]
[BlackElo "2325"]
[PlyCount "32"]
[EventDate "1997.07.12"]

1. e4 c5 2. c3 Nf6 3. e5 Nd5 4. g3 d6 5. exd6 Qxd6 6. Bg2 Nc6 7. Ne2 e5 8. O-O
Be7 9. d4 exd4 10. cxd4 Be6 11. Nbc3 Nxc3 12. bxc3 Rd8 13. Qa4 Qd7 14. Be3 cxd4
15. cxd4 O-O 16. Nf4 Nxd4 {.} 1/2-1/2

[Event "op"]
[Site "Oberwart"]
[Date "1997.07.12"]
[Round "8"]
[White "Krachler, Guenther"]
[Black "Weiss, Christian"]
[Result "1/2-1/2"]
[WhiteElo "2160"]
[BlackElo "2315"]
[PlyCount "69"]
[EventDate "1997.07.12"]

1. d4 g6 2. g3 Bg7 3. Bg2 d6 4. Nf3 Nf6 5. O-O O-O 6. Nbd2 Nc6 7. b3 e5 8. dxe5
Ng4 9. Bb2 Ngxe5 10. Nxe5 Nxe5 11. c4 Nf3+ 12. Nxf3 Bxb2 13. Rb1 Bg7 14. Nd4 c6
15. Qd2 Qc7 16. b4 Re8 17. e3 Bd7 18. Rfc1 Rad8 19. Rb3 a6 20. Ne2 Be5 21. a4
Be6 22. a5 b5 23. axb6 Qxb6 24. Nd4 Bxd4 25. exd4 c5 26. d5 Bd7 27. Rcb1 Bf5
28. Re1 Rb8 29. b5 Bd7 30. Bf1 axb5 31. Rxe8+ Rxe8 32. cxb5 Bc8 33. Re3 Rxe3
34. Qxe3 Bd7 35. Qa3 {.} 1/2-1/2

[Event "op"]
[Site "Oberwart"]
[Date "1997.07.12"]
[Round "8"]
[White "Sardy, Peter"]
[Black "Schwab, Rene"]
[Result "0-1"]
[WhiteElo "1723"]
[BlackElo "2280"]
[PlyCount "78"]
[EventDate "1997.07.12"]

1. e4 c6 2. d4 d5 3. Nc3 dxe4 4. Nxe4 Nf6 5. Nxf6+ gxf6 6. Bf4 Qb6 7. Nf3 Qxb2
8. Bd3 Qb4+ 9. Bd2 Qd6 10. O-O Bg4 11. Rb1 b6 12. Re1 e6 13. c4 Be7 14. Bc3 Bh5
15. Be2 Nd7 16. Qa4 O-O 17. Bb4 c5 18. dxc5 bxc5 19. Red1 Nb6 20. Qb5 Qc7 21.
Ba5 Rab8 22. Qb3 Bd6 23. h3 Bg6 24. Bd3 Rfd8 25. Bxg6 hxg6 26. Qc3 Be7 27. Nd2
Qf4 28. g3 Qf5 29. Kg2 Rd3 30. Qc1 Rbd8 31. Rb3 Bf8 32. Re1 Bh6 33. f4 e5 34.
Nf3 Rxb3 35. axb3 exf4 36. g4 Qd3 37. Qb1 Bf8 38. Qa1 Qc2+ 39. Kf1 Rd3 {
Zeitueberschreitung.} 0-1

[Event "op"]
[Site "Oberwart"]
[Date "1997.07.12"]
[Round "8"]
[White "Petschar, Kurt"]
[Black "Wadsack, Wolfgang"]
[Result "1/2-1/2"]
[WhiteElo "2270"]
[BlackElo "2165"]
[PlyCount "42"]
[EventDate "1997.07.12"]

1. d4 d5 2. Nf3 Nf6 3. c4 dxc4 4. e3 Bg4 5. Bxc4 e6 6. Qb3 Bxf3 7. gxf3 Nbd7 8.
Bd2 c5 9. dxc5 Bxc5 10. Rg1 O-O 11. Bc3 Qc7 12. Nd2 Rac8 13. Ke2 Be7 14. Rac1
Nc5 15. Qc2 Rfd8 16. b4 Ncd7 17. f4 Nf8 18. h4 b5 19. Bd3 Ng6 20. a3 Nd5 21.
Bxg7 Qxc2 {} 1/2-1/2

[Event "op"]
[Site "Oberwart"]
[Date "1997.07.12"]
[Round "8"]
[White "Pingitzer, Harald"]
[Black "Kreindl, Helmut"]
[Result "1/2-1/2"]
[WhiteElo "2260"]
[BlackElo "2055"]
[PlyCount "126"]
[EventDate "1997.07.12"]

1. e4 d5 2. exd5 Nf6 3. c4 c6 4. d4 cxd5 5. Nf3 e6 6. Nc3 Be7 7. Bd3 O-O 8. O-O
dxc4 9. Bxc4 b6 10. Qe2 h6 11. Rd1 Nd5 12. Nxd5 exd5 13. Bxd5 Qxd5 14. Qxe7 Bg4
15. Qe2 Nc6 16. h3 Rfe8 17. Be3 Bxf3 18. Qxf3 Qxf3 19. gxf3 Nb4 20. Rac1 Nd5
21. Bd2 Rac8 22. Kf1 Kf8 23. a3 Ke7 24. Ke2 Kd6+ 25. Kd3 h5 26. Rxc8 Rxc8 27.
Rg1 g6 28. Rg5 Rg8 29. Re5 f6 30. Re1 Rc8 31. Rg1 Rg8 32. Rc1 Re8 33. Bb4+
Nxb4+ 34. axb4 Re7 35. Rg1 Rg7 36. Kc4 Rc7+ 37. Kd3 Rg7 38. f4 Ke6 39. Ke4 Kd6
40. b5 Re7+ 41. Kd3 Rg7 42. Rc1 f5 43. Rc6+ Kd5 44. f3 h4 45. Rf6 Rc7 46. Rxg6
Rc4 47. Rf6 Rxd4+ 48. Ke3 Rb4 49. Rxf5+ Ke6 50. Re5+ Kf6 51. Rh5 Rxb2 52. Kd3
Kg6 53. Kc3 Rb1 54. Rg5+ Kf6 55. Kc4 Rh1 56. Kd5 Rxh3 57. Rh5 Rh1 58. Kc6 h3
59. Kb7 h2 60. Rh6+ Kf5 61. Rh4 Kf6 62. Kb8 Rb1 63. Rh6+ Kg7 {} 1/2-1/2

[Event "op"]
[Site "Oberwart"]
[Date "1997.07.12"]
[Round "8"]
[White "Nielsen, Max"]
[Black "Seifert, Milan"]
[Result "1/2-1/2"]
[WhiteElo "2255"]
[BlackElo "2240"]
[PlyCount "26"]
[EventDate "1997.07.12"]

1. e4 g6 2. d4 Bg7 3. Nc3 d6 4. f4 Nc6 5. Be3 Nf6 6. h3 O-O 7. g4 e5 8. dxe5
dxe5 9. f5 gxf5 10. exf5 Nd4 11. Bg2 Re8 12. Qd2 c6 13. O-O-O Nd5 {.} 1/2-1/2

[Event "op"]
[Site "Oberwart"]
[Date "1997.07.12"]
[Round "8"]
[White "Sulyok, Michael"]
[Black "Buchegger, Karl"]
[Result "1/2-1/2"]
[WhiteElo "2220"]
[BlackElo "1962"]
[PlyCount "38"]
[EventDate "1997.07.12"]

1. c4 f5 2. g3 Nf6 3. Bg2 g6 4. Nc3 Bg7 5. d3 d6 6. Nf3 O-O 7. O-O e5 8. Rb1
Nc6 9. b4 Ne7 10. Qb3 Kh8 11. Bd2 h6 12. c5 g5 13. cxd6 cxd6 14. Rfc1 Bd7 15.
b5 f4 16. b6 axb6 17. Qxb6 Qxb6 18. Rxb6 Bc6 19. gxf4 Nfd5 {.} 1/2-1/2

[Event "op"]
[Site "Oberwart"]
[Date "1997.07.12"]
[Round "8"]
[White "Soponai, Tamas"]
[Black "Danner, Georg"]
[Result "0-1"]
[WhiteElo "2150"]
[BlackElo "2430"]
[PlyCount "92"]
[EventDate "1997.07.12"]

1. Nf3 g6 2. g3 Bg7 3. Bg2 d6 4. O-O e5 5. d3 f5 6. Nc3 Nf6 7. e4 O-O 8. exf5
gxf5 9. Bg5 Be6 10. Bh4 h6 11. d4 e4 12. Nd2 d5 13. Ne2 Nc6 14. c3 Qd6 15. Bxf6
Rxf6 16. Nf4 Bf7 17. Nb3 b6 18. Nc1 Ne7 19. Re1 c5 20. Re2 Nc6 21. Nb3 Rd8 22.
Rd2 c4 23. Nc1 b5 24. Bf1 b4 25. Be2 Rb8 26. Bh5 Be6 27. Nce2 Bd7 28. Ng2 Ne7
29. Nef4 Rff8 30. Kh1 Rb6 31. Qe1 Rfb8 32. Be2 Be6 33. Rdd1 a5 34. Kg1 Kh7 35.
Rdb1 Bf7 36. Qc1 a4 37. Bd1 a3 38. Ne2 Bh5 39. Ngf4 Bxe2 40. Nxe2 axb2 41. Rxb2
bxc3 42. Rxb6 Qxb6 43. Nxc3 Qxd4 44. Rb1 Rxb1 45. Nxb1 c3 46. a4 Nc6 {} 0-1

[Event "op"]
[Site "Oberwart"]
[Date "1997.07.12"]
[Round "8"]
[White "Kranz, Armin"]
[Black "Titz, Heimo"]
[Result "0-1"]
[WhiteElo "2130"]
[BlackElo "2305"]
[PlyCount "76"]
[EventDate "1997.07.12"]

1. d4 Nf6 2. Nf3 e6 3. c4 b6 4. g3 Ba6 5. b3 Bb7 6. Bg2 Bb4+ 7. Bd2 a5 8. O-O
O-O 9. a3 Bxd2 10. Nbxd2 d6 11. Qc2 c5 12. e3 Nbd7 13. Rab1 Ra7 14. a4 Qa8 15.
Nh4 Bxg2 16. Nxg2 Rc7 17. Nf4 cxd4 18. exd4 d5 19. Rfe1 Rfc8 20. Qd3 Qc6 21.
Qf3 Qd6 22. Ne2 dxc4 23. bxc4 e5 24. d5 e4 25. Qe3 Qe5 26. Nc3 Qh5 27. h4 Rxc4
28. Nxc4 Rxc4 29. Rxb6 Rxc3 30. Rb8+ Nxb8 31. Qxc3 Nbd7 32. Qxa5 h6 33. Qa8+
Kh7 34. a5 Ne5 35. Rc1 Qe2 36. Qa7 Nfg4 37. d6 e3 38. Rf1 Nf3+ {} 0-1

[Event "op"]
[Site "Oberwart"]
[Date "1997.07.12"]
[Round "8"]
[White "Sandhoefner, Florian"]
[Black "Hamberger, Hermann"]
[Result "1-0"]
[WhiteElo "1890"]
[BlackElo "2205"]
[PlyCount "91"]
[EventDate "1997.07.12"]

1. e4 c5 2. Nf3 d6 3. d4 cxd4 4. Nxd4 Nf6 5. Nc3 g6 6. Be3 Bg7 7. Be2 Nc6 8.
O-O O-O 9. Qd2 Ng4 10. Bxg4 Bxg4 11. f4 Bd7 12. Nd5 Rc8 13. f5 Ne5 14. b3 Bc6
15. Bh6 Bxd5 16. exd5 a6 17. fxg6 hxg6 18. Bxg7 Kxg7 19. Rae1 Rh8 20. Qf4 Qf8
21. Re3 Rh5 22. c4 Kg8 23. Rg3 Re8 24. Nf3 Nxf3+ 25. Rgxf3 Rf5 26. Qd4 Rxf3 27.
Rxf3 Qg7 28. Qxg7+ Kxg7 29. Kf2 Rh8 30. h3 Rh5 31. g4 Re5 32. Re3 Kf6 33. h4
Rxe3 34. Kxe3 e5 35. Ke4 b6 36. b4 Ke7 37. a4 f6 38. c5 bxc5 39. bxc5 dxc5 40.
h5 f5+ 41. Kxe5 c4 42. hxg6 c3 43. d6+ Kd7 44. g7 c2 45. g8=Q c1=Q 46. Qe6+ {}
1-0

[Event "op"]
[Site "Oberwart"]
[Date "1997.07.13"]
[Round "9"]
[White "Zsinka, Laszlo"]
[Black "Balinov, Ilia"]
[Result "0-1"]
[WhiteElo "2360"]
[BlackElo "2570"]
[PlyCount "114"]
[EventDate "1997.07.13"]

1. d4 g6 2. c4 c5 3. d5 f5 4. h4 Nf6 5. h5 Nxh5 6. e4 d6 7. exf5 Bxf5 8. g4
Bxb1 9. Rxb1 Nf6 10. Bd3 Bg7 11. Nh3 Qc8 12. Ng5 Qxg4 13. Qxg4 Nxg4 14. Ne6 Bd4
15. Be2 Nxf2 16. Rh4 Bf6 17. Rh2 Ne4 18. Bd3 Be5 19. Rh3 Nf6 20. Bxg6+ Kd7 21.
Bf5 Na6 22. Nxc5+ Kc7 23. Ne6+ Kb8 24. a3 h5 25. Be3 Nc7 26. Ng5 Rg8 27. Ke2 b5
28. b3 Kb7 29. Rf1 bxc4 30. bxc4 Rab8 31. Rb1+ Ka8 32. Rhh1 Rxb1 33. Rxb1 Rb8
34. Rb4 Na6 35. Rxb8+ Kxb8 36. Ne6 Bb2 37. a4 Ba3 38. Nd4 Bc5 39. Nc6+ Kb7 40.
Nxe7 Bxe3 41. Kxe3 Nc5 42. a5 Kc7 43. Nc8 a6 44. Ne7 Nb3 45. Nc6 Nc5 46. Kd4
Ng8 47. Nb4 Nh6 48. Bc2 h4 49. Ke3 Ng4+ 50. Kf4 Ne5 51. Bf5 Nxc4 52. Kg5 Nxa5
53. Kxh4 Kb6 54. Kg3 Nc4 55. Nc2 a5 56. Kf2 a4 57. Ke2 Kb5 {time } 0-1

[Event "op"]
[Site "Oberwart"]
[Date "1997.07.13"]
[Round "9"]
[White "Burmakin, Vladimir"]
[Black "Wittmann, Walter"]
[Result "1/2-1/2"]
[WhiteElo "2530"]
[BlackElo "2390"]
[PlyCount "60"]
[EventDate "1997.07.13"]

1. d4 Nf6 2. Nf3 g6 3. c4 Bg7 4. g3 d5 5. cxd5 Nxd5 6. Bg2 Nb6 7. Nc3 Nc6 8.
O-O Nxd4 9. Nxd4 Qxd4 10. Nb5 Qe5 11. a4 Nxa4 12. Qxa4 Bd7 13. Bxb7 Bxb5 14.
Qa5 Rb8 15. e3 Qf5 16. Qxc7 O-O 17. Ra5 Be5 18. Qxe7 Rfe8 19. Qc5 Be2 20. Re1
Rxb7 21. Rxe2 Qf3 22. Re1 Bxb2 23. Rxa7 Rxa7 24. Qxa7 Qd5 25. Qa4 Ra8 26. Qc2
Bf6 27. Rd1 Qa2 28. Qe4 Qa4 29. Qd3 Re8 30. Re1 Qe4 {.} 1/2-1/2

[Event "op"]
[Site "Oberwart"]
[Date "1997.07.13"]
[Round "9"]
[White "Farago, Ivan"]
[Black "Votava, Jan"]
[Result "0-1"]
[WhiteElo "2440"]
[BlackElo "2530"]
[PlyCount "114"]
[EventDate "1997.07.13"]

1. d4 Nf6 2. c4 e6 3. Nf3 b6 4. a3 Bb7 5. Nc3 d5 6. cxd5 exd5 7. Qa4+ c6 8. Bg5
Be7 9. e3 O-O 10. Bd3 Nbd7 11. O-O Re8 12. Qc2 g6 13. Rad1 Rc8 14. Rfe1 Kg7 15.
h3 a6 16. Qb3 b5 17. e4 dxe4 18. Nxe4 Nxe4 19. Bxe7 Rxe7 20. Bxe4 Nf6 21. Bb1
Rxe1+ 22. Nxe1 Rc7 23. Nf3 Bc8 24. Bc2 Be6 25. Qe3 Nd5 26. Qe5+ Qf6 27. Be4
Qxe5 28. Nxe5 f6 29. Nd3 a5 30. Rc1 Kf7 31. Nc5 Nf4 32. Bf3 Bc4 33. Re1 Re7 34.
Re3 Bd5 35. Bxd5+ Nxd5 36. Rxe7+ Kxe7 37. Kf1 Nf4 38. f3 a4 39. h4 f5 40. Kf2
Kd6 41. g3 Nh5 42. b3 axb3 43. Nxb3 Kd5 44. g4 Nf4 45. h5 fxg4 46. hxg6 g3+ 47.
Kxg3 Nxg6 48. Kg4 Ne7 49. Kg5 Kc4 50. Na5+ Kxd4 51. f4 c5 52. f5 Nxf5 53. Kxf5
c4 54. Nc6+ Kd3 {} 55. Ne5+ Kd2 56. a4 c3 57. Nf3+ Ke3 0-1

[Event "op"]
[Site "Oberwart"]
[Date "1997.07.13"]
[Round "9"]
[White "Vaulin, Alexander"]
[Black "Rogulj, Branko"]
[Result "1-0"]
[WhiteElo "2490"]
[BlackElo "2425"]
[PlyCount "83"]
[EventDate "1997.07.13"]

1. c4 c5 2. g3 Nc6 3. Bg2 g6 4. Nf3 Bg7 5. Nc3 a6 6. O-O Rb8 7. e3 d6 8. d4 Bg4
9. dxc5 dxc5 10. Qxd8+ Nxd8 11. Bd2 Nc6 12. h3 Bf5 13. e4 Be6 14. Nd5 Bxd5 15.
exd5 Nd4 16. Nxd4 Bxd4 17. Rab1 Nf6 18. Rfe1 Kd7 19. b4 b6 20. Bf4 cxb4 21.
Rxb4 Bc3 22. Reb1 Bxb4 23. Rxb4 Rhc8 24. Bxb8 Rxb8 25. c5 b5 26. h4 a5 27. Rf4

b4 28. Bh3+ Ke8 29. d6 Nd5 30. Rd4 Nc3 31. c6 exd6 32. c7 {} 32... Ra8 33. Rc4
f5 34. c8=Q+ Rxc8 35. Rxc8+ Kd7 36. Ra8 a4 37. Bf1 Kc6 38. Rc8+ Kb7 39. Rxc3
bxc3 40. Bd3 a3 41. Kf1 Kc6 42. Ke2 1-0

[Event "op"]
[Site "Oberwart"]
[Date "1997.07.13"]
[Round "9"]
[White "Zelcic, Robert"]
[Black "Knoll, Hermann"]
[Result "1-0"]
[WhiteElo "2455"]
[BlackElo "2225"]
[PlyCount "65"]
[EventDate "1997.07.13"]

1. e4 e5 2. Nf3 Nf6 3. d4 exd4 4. e5 Ne4 5. Qxd4 d5 6. exd6 Nxd6 7. Bd3 Nc6 8.
Qf4 Be7 9. Nc3 Be6 10. Bd2 h6 11. h4 Qd7 12. O-O-O O-O-O 13. Be3 Kb8 14. Qa4
Nc8 15. Bb5 Bd6 16. Ne5 Bxe5 17. Rxd7 Bxd7 18. Rd1 Nb6 19. Bxb6 axb6 20. Rd3
Rhe8 21. Nd5 Be6 {} 22. Ra3 Na5 23. Bxe8 Bxd5 24. Rd3 Nc4 25. Rxd5 Bf4+ 26.
Kb1 Rxd5 27. c3 b5 28. Bxb5 Nd2+ 29. Kc2 g5 30. g3 Bd6 31. Bd3 Nf3 32. Qe8+ Ka7
33. Qe3+ 1-0

[Event "op"]
[Site "Oberwart"]
[Date "1997.07.13"]
[Round "9"]
[White "Karpatchev, Aleksandr"]
[Black "Ruck, Robert"]
[Result "0-1"]
[WhiteElo "2390"]
[BlackElo "2450"]
[PlyCount "77"]
[EventDate "1997.07.13"]

1. e4 c5 2. c3 Nf6 3. e5 Nd5 4. Nf3 e6 5. d4 cxd4 6. cxd4 d6 7. a3 Bd7 8. Bd3
Bc6 9. O-O Nd7 10. b4 a6 11. Nbd2 Qc7 12. Bb2 Be7 13. Rc1 O-O 14. Bb1 Rfd8 15.
Nc4 Rac8 16. Na5 Qb6 17. Qd3 Nf8 18. Nxc6 Rxc6 19. Rxc6 Qxc6 20. Rc1 Qd7 21. g3
Rc8 22. h4 Rxc1+ 23. Bxc1 Qc7 24. Bd2 g6 25. Ba2 Nd7 26. Bxd5 exd5 27. Bf4 Nf8
28. h5 Ne6 29. exd6 Bxd6 30. Bxd6 Qxd6 31. h6 Qc6 32. Kg2 f6 33. Qe3 Kf7 34. g4
g5 35. Ne1 Qc4 36. Kg1 {} 36... Qxd4 37. Qf3 Qe4 38. Qc3 Qxg4+ 39. Kf1 0-1

[Event "op"]
[Site "Oberwart"]
[Date "1997.07.13"]
[Round "9"]
[White "Brandner, Stefan"]
[Black "Loginov, Valery"]
[Result "0-1"]
[WhiteElo "2265"]
[BlackElo "2555"]
[PlyCount "56"]
[EventDate "1997.07.13"]

1. d4 Nf6 2. Nc3 d5 3. Bg5 Nbd7 4. e3 e6 5. Bd3 c5 6. Nf3 c4 7. Be2 Bb4 8. Ne5
Qa5 9. O-O Bxc3 10. Nxd7 Ne4 11. bxc3 Bxd7 12. Bf4 Nxc3 13. Qe1 Nxe2+ 14. Qxe2
O-O 15. Rab1 Bc6 16. Qg4 Kh8 17. Bd6 Rfd8 18. Bb4 Qxa2 19. Qe2 Qa6 20. f4 Be8
21. Qg4 f6 22. Rf3 Bg6 23. Rg3 Rd7 24. Rf1 Bf5 25. Qh4 Qa4 26. c3 b6 27. e4
dxe4 28. d5 a5 {} 0-1

[Event "op"]
[Site "Oberwart"]
[Date "1997.07.13"]
[Round "9"]
[White "Schumi, Manfred"]
[Black "Lendwai, Reinhard"]
[Result "1/2-1/2"]
[WhiteElo "2235"]
[BlackElo "2385"]
[PlyCount "79"]
[EventDate "1997.07.13"]

1. e4 Nf6 2. e5 Nd5 3. d4 d6 4. Nf3 Bg4 5. Be2 e6 6. O-O Nc6 7. c4 Nb6 8. exd6
cxd6 9. d5 exd5 10. cxd5 Bxf3 11. Bxf3 Ne5 12. Nc3 Be7 13. Be2 O-O 14. Be3 Nec4
15. Bd4 Bf6 16. b3 Bxd4 17. Qxd4 Ne5 18. Rac1 a6 19. Rfe1 Rc8 20. f4 Ng6 21. g3
Ne7 22. Bd3 Re8 23. Rc2 Nd7 24. Rce2 Nf6 25. Ne4 Nxe4 26. Rxe4 Kf8 27. f5 Qd7
28. f6 gxf6 29. Qxf6 Ng6 30. Re6 Rxe6 31. Rxe6 Kg8 32. Rxd6 Qc7 33. Bf5 Qc1+
34. Kg2 Qd2+ 35. Kh3 Rf8 36. Bxg6 hxg6 {} 37. Rd8 Qh6+ 38. Kg2 Qd2+ 39. Kh3
Qh6+ 40. Kg2 1/2-1/2

[Event "op"]
[Site "Oberwart"]
[Date "1997.07.13"]
[Round "9"]
[White "Schwab, Rene"]
[Black "Volkmann, Friedrich"]
[Result "1-0"]
[WhiteElo "2280"]
[BlackElo "2380"]
[PlyCount "61"]
[EventDate "1997.07.13"]

1. e4 c5 2. Nf3 Nc6 3. d3 d5 4. Nbd2 g6 5. g3 b6 6. Bg2 dxe4 7. Nxe4 Bg7 8. O-O
Nh6 9. c3 O-O 10. Nh4 Bb7 11. Bxh6 Bxh6 12. f4 Qd7 13. Nf2 Bg7 14. Qa4 f5 15.
Nf3 Rad8 16. Ng5 Rfe8 17. Rfe1 e6 18. Re3 a6 19. Rae1 b5 20. Qb3 c4 21. Qc2 e5
22. dxc4 Na5 23. Rd3 Qe7 24. Rxd8 Rxd8 25. Bxb7 Qxb7 26. cxb5 exf4 27. bxa6
Qxa6 28. Qa4 Bf8 29. gxf4 Rd2 30. Qe8 Qc4 {} 31. Ne6 1-0

[Event "op"]
[Site "Oberwart"]
[Date "1997.07.13"]
[Round "9"]
[White "Bawart, Markus"]
[Black "Baumegger, Siegfried"]
[Result "0-1"]
[WhiteElo "2325"]
[BlackElo "2360"]
[PlyCount "80"]
[EventDate "1997.07.13"]

1. e4 c5 2. Nf3 Nc6 3. d4 cxd4 4. Nxd4 Nf6 5. Nc3 d6 6. Be2 g6 7. Be3 Bg7 8.
Qd2 O-O 9. Nb3 Be6 10. O-O a5 11. a4 Rc8 12. Nd4 Nb4 13. f4 Nd7 14. Ncb5 Bc4
15. Na7 Bxe2 16. Qxe2 Bxd4 17. Bxd4 Nxc2 18. Nxc8 Nxd4 19. Qf2 Nf3+ 20. gxf3
Qxc8 21. Rac1 Nc5 22. Rc3 b6 23. Qd4 Qe6 24. Re3 Rb8 25. b4 axb4 26. Qxb4 d5
27. e5 Ra8 28. Ra1 Qc6 29. a5 bxa5 30. Rxa5 Rxa5 31. Qxa5 Ne6 32. Rc3 Qb7 33.
Qa1 d4 34. Ra3 Qd5 35. Qe1 d3 36. Ra1 Nd4 37. Qa5 Qxa5 38. Rxa5 {} 38... d2
39. Ra1 Ne2+ 40. Kf2 Nc3 0-1

[Event "op"]
[Site "Oberwart"]
[Date "1997.07.13"]
[Round "9"]
[White "Laschet, Ewald"]
[Black "Wohlfahrt, Herbert"]
[Result "1-0"]
[WhiteElo "2005"]
[BlackElo "2275"]
[PlyCount "79"]
[EventDate "1997.07.13"]

1. d4 Nf6 2. Nf3 g6 3. c4 Bg7 4. g3 O-O 5. Bg2 d6 6. Nc3 Nc6 7. O-O a6 8. h3
Rb8 9. e4 b5 10. e5 Ne8 11. Ng5 Na5 12. e6 fxe6 13. cxb5 axb5 14. Qe2 e5 15.
Bd5+ Kh8 16. dxe5 Bxe5 17. f4 Bg7 18. Nce4 Nf6 19. Nxf6 exf6 20. Nf7+ Rxf7 21.
Bxf7 Bxh3 22. Rf2 Qd7 23. Bd5 c6 24. Bf3 Re8 25. Qd1 Nc4 26. b3 f5 27. Rb1 Ne3
28. Qd3 Ng4 29. Re2 Rxe2 30. Qxe2 Bd4+ 31. Kh1 d5 32. Bb2 Bxb2 33. Qxb2+ d4 34.
Re1 Kg8 35. b4 Ne3 36. Qb3+ Kf8 37. Qd3 Nc4 38. Rd1 Bg4 39. Bxg4 fxg4 40. Qxd4
{} 1-0

[Event "op"]
[Site "Oberwart"]
[Date "1997.07.13"]
[Round "9"]
[White "Mahdy, Khaled"]
[Black "Sandhoefner, Florian"]
[Result "1-0"]
[WhiteElo "2425"]
[BlackElo "1890"]
[PlyCount "49"]
[EventDate "1997.07.13"]

1. e4 c5 2. Nf3 d6 3. c3 Nf6 4. Be2 Nc6 5. d4 cxd4 6. cxd4 Nxe4 7. d5 Qa5+ 8.
Nc3 Nxc3 9. bxc3 Ne5 10. O-O Nxf3+ 11. Bxf3 e5 12. dxe6 fxe6 13. Qb3 d5 14. c4
dxc4 15. Qxc4 Bc5 16. Rb1 Qc7 17. Be3 {} 17... Bb6 18. Qxc7 Bxc7 19. Bxb7 Rb8
20. Rfc1 Rxb7 21. Rxb7 Bxb7 22. Rxc7 Ba6 23. Rxa7 Bc8 24. Rxg7 h6 25. Rc7 1-0

[Event "op"]
[Site "Oberwart"]
[Date "1997.07.13"]
[Round "9"]
[White "Kummer, Helmut"]
[Black "Schein, Karl-Heinz"]
[Result "1-0"]
[WhiteElo "2350"]
[BlackElo "2235"]
[PlyCount "123"]
[EventDate "1997.07.13"]

1. d4 d5 2. c4 e6 3. Nc3 Nf6 4. Bg5 Be7 5. e3 O-O 6. Nf3 h6 7. Bh4 b6 8. Bd3
Bb7 9. O-O Nbd7 10. Qe2 Ne4 11. Bxe7 Qxe7 12. cxd5 Nxc3 13. bxc3 exd5 14. a4 a5
15. Rfb1 Nf6 16. Ne5 Nd7 17. Nf3 Nf6 18. Qc2 Ne8 19. Ne5 Nd6 20. Re1 Rfe8 21.
f3 c5 22. Qb2 Qc7 23. Rab1 Nc8 24. e4 dxe4 25. fxe4 f6 26. Qb3+ Kh7 27. Nc4
cxd4 28. cxd4 Qf4 29. Qc2 Kh8 30. Nxb6 Nxb6 31. Rxb6 Rac8 32. Qf2 Qc7 33. Rbb1
Bc6 34. Rbc1 Qd7 35. e5 fxe5 36. Bf5 Qb7 37. Bxc8 Rxc8 38. dxe5 Bxa4 39. e6 Re8
40. Ra1 Bb3 41. e7 Kg8 42. Qc5 a4 43. Re5 Bf7 44. Rae1 Qb3 45. h3 Qb2 46. R5e2
Qb7 47. Re4 Qa8 48. Qa3 Qa7+ 49. Kh1 Bb3 50. Rf4 Qd7 51. Rf8+ Kh7 52. Qc5 Bd5 {
} 53. Qxd5 Qxd5 54. Rxe8 Qd2 55. Rh8+ Kxh8 56. e8=Q+ Kh7 57. Qe4+ Kg8 58. Rb1
a3 59. Rb8+ Kf7 60. Qf5+ Ke7 61. Qe5+ Kd7 62. Rb7+ 1-0

[Event "op"]
[Site "Oberwart"]
[Date "1997.07.13"]
[Round "9"]
[White "Kovacs, Gabor"]
[Black "Kranzl, Peter"]
[Result "1-0"]
[WhiteElo "2325"]
[BlackElo "2205"]
[PlyCount "169"]
[EventDate "1997.07.13"]

1. d4 Nf6 2. Nf3 g6 3. Bg5 Bg7 4. Nbd2 O-O 5. e4 d6 6. h3 Nfd7 7. c3 Qe8 8. Bd3
e5 9. dxe5 Nxe5 10. Nxe5 dxe5 11. Qb3 Nd7 12. Qa3 Kh8 13. O-O-O f6 14. Be3 f5
15. exf5 gxf5 16. f3 a6 17. g4 f4 18. Bf2 Rb8 19. Rhe1 b5 20. Be4 Nb6 21. b3
Qf7 22. Nb1 Be6 23. Qxa6 Nd5 24. Qc6 Rfd8 25. Bc5 Nf6 26. Rxd8+ Rxd8 27. Nd2
Nd5 28. Bxd5 Bxd5 29. Qxb5 e4 30. fxe4 Bxc3 31. Rd1 Ba8 32. Nb1 Rxd1+ 33. Kxd1
Bf6 34. Nd2 Kg7 35. Qa4 Bb7 36. Bd4 Kg6 37. Ke2 f3+ 38. Nxf3 Bxe4 39. Bxf6
Bxf3+ 40. Kxf3 Qxf6+ {} 41. Qf4 Qc3+ 42. Qe3 Qf6+ 43. Kg2 Qc6+ 44. Kg1 Qc2 45.
a4 c5 46. Qf3 Qc1+ 47. Kf2 Qb2+ 48. Ke1 Qc1+ 49. Qd1 Qe3+ 50. Kf1 Qxh3+ 51. Kf2
Qh2+ 52. Kf3 Qe5 53. Qd3+ Kg7 54. a5 Qf6+ 55. Kg3 Qe5+ 56. Kg2 c4 57. Qxc4 Qxa5
58. b4 Qe5 59. Kf3 Qf6+ 60. Ke4 Qg6+ 61. Ke3 Qh6+ 62. Kd3 Qh3+ 63. Kc2 Qg2+ 64.
Kb3 Qg1 65. b5 Qb1+ 66. Ka4 Qe1 67. Qd4+ Kg6 68. b6 Qe8+ 69. Kb4 Qc6 70. Qc5
Qe4+ 71. Ka5 Qe1+ 72. Qb4 Qe5+ 73. Ka6 Qe2+ 74. Qb5 Qa2+ 75. Qa5 Qc4+ 76. Ka7
Qxg4 77. b7 Qd7 78. Ka6 Qd3+ 79. Qb5 Qa3+ 80. Kb6 Qe3+ 81. Qc5 Qb3+ 82. Kc6
Qf3+ 83. Qd5 Qc3+ 84. Kb6 Qe3+ 85. Kc7 1-0

[Event "op"]
[Site "Oberwart"]
[Date "1997.07.13"]
[Round "9"]
[White "Kunz, Konstantin"]
[Black "Stanka, Wolfgang"]
[Result "0-1"]
[WhiteElo "2295"]
[BlackElo "2190"]
[PlyCount "76"]
[EventDate "1997.07.13"]

1. d4 d5 2. c4 e5 3. dxe5 d4 4. Nf3 Nc6 5. g3 Be6 6. Nbd2 Qd7 7. h3 f6 8. exf6
Nxf6 9. a3 a5 10. Qa4 Bd6 11. b4 O-O 12. b5 Ne7 13. Bb2 Nf5 14. O-O-O c6 15.
bxc6 bxc6 16. g4 Ne3 {} 17. fxe3 dxe3 18. c5 Bxc5 19. Ne4 Qe7 20. Nxc5 Qxc5+
21. Qc2 Qb6 22. Rd3 a4 23. Ng5 Bb3 24. Qc3 Ra5 25. Ne4 Bd5 26. Rxd5 cxd5 27.
Nxf6+ gxf6 28. Qd4 Rc8+ 29. Kb1 Qxd4 30. Bxd4 Rb5+ 31. Ka1 Rc1+ 32. Ka2 Rbb1
33. Bg2 Rxh1 34. Bxd5+ Kf8 35. Bxf6 Rhd1 36. Be4 Rb6 37. Bc3 Rd2+ 38. Ka1 Rxe2
0-1

[Event "op"]
[Site "Oberwart"]
[Date "1997.07.13"]
[Round "9"]
[White "Titz, Heimo"]
[Black "Holzer, Gerhard"]
[Result "1-0"]
[WhiteElo "2305"]
[BlackElo "2250"]
[PlyCount "61"]
[EventDate "1997.07.13"]

1. c4 Nf6 2. Nc3 g6 3. e4 d6 4. d4 Bg7 5. Nf3 O-O 6. Be2 e5 7. Be3 Nc6 8. d5
Ne7 9. Nd2 c5 10. O-O Kh8 11. a3 Nfg8 12. b4 b6 13. bxc5 bxc5 14. Rb1 f5 15. f3
Bh6 16. Bxh6 Nxh6 17. Nb3 g5 18. Qd2 Ng6 19. exf5 Bxf5 20. Bd3 Bxd3 21. Qxd3
Rg8 22. Ne4 Nf4 23. Qd2 Rg6 24. g3 Nh5 25. Na5 g4 26. Nc6 Qd7 27. Nxc5 Qc8 28.
Ne4 Ng8 29. f4 Qf5 30. Nxd6 Rxd6 31. fxe5 {} 1-0